000 00427nam a2200193Ia 4500
008 210210b1932 xxu||||| |||| 00| 0 eng d
041 _aeng
082 _a331/261
100 _a_
245 _aIndian finance year book 1932
260 _aCalcutta
_bGovernment of India,
_c1932
650 _ayear
650 _aIndian
650 _afinance
650 _abook
650 _a1932
690 _aBanking
906 _a004163
999 _c123222
_d123222